Spatial distribution of rural poverty: last three quinquennial rounds of NSS (Record no. 58862)

000 -LEADER
fixed length control field 00948pab a2200169 454500
008 - FIXED-LENGTH DATA ELEMENTS--GENERAL INFORMATION
fixed length control field 180718b2003 xxu||||| |||| 00| 0 eng d
100 ## - MAIN ENTRY--PERSONAL NAME
Personal name Jha, Raghbendra
245 ## - TITLE STATEMENT
Title Spatial distribution of rural poverty: last three quinquennial rounds of NSS
260 ## - PUBLICATION, DISTRIBUTION, ETC.
Date of publication, distribution, etc. 2003
300 ## - PHYSICAL DESCRIPTION
Extent p.4985-993.
362 ## - DATES OF PUBLICATION AND/OR SEQUENTIAL DESIGNATION
Dates of publication and/or sequential designation 22 Nov
520 ## - SUMMARY, ETC.
Summary, etc. The spatial distribution of poverty in India has emerged as a matter of urgent concern in recent times. This paper presents evidence on the poverty experiences of 75 NSS regions for the quinquennial rounds of 1987-88, 1993-94 and 1999-2000. The results presented here facilitate easy identification of lagging areas on which anti-poverty policy must concentrate. The economic reforms programme has been unable to make any significant dent on the spatial distribution of expenditure poverty. - Reproduced.
650 ## - SUBJECT ADDED ENTRY--TOPICAL TERM
Topical term or geographic name entry element Poverty
700 ## - ADDED ENTRY--PERSONAL NAME
Personal name Sharma, Anurag
773 ## - HOST ITEM ENTRY
Main entry heading Economic and Political Weekly
909 ## -
-- 58862
Holdings
Withdrawn status Lost status Damaged status Not for loan Permanent Location Current Location Date acquired Serial Enumeration / chronology Barcode Date last seen Price effective from Koha item type
        Indian Institute of Public Administration Indian Institute of Public Administration 2018-07-19 Volume no: 38, Issue no: 47 AR59307 2018-07-19 2018-07-19 Articles

Powered by Koha